00353 a2200109 4500001000900000005001700009008004100026245006900067100002200136773007000158999001500228ART_842120260410161557.0260409a 10aEn torno a la docencia de contabilidad. Una reflexión personal1 aTua Pereda, Jorge0 tProfesional & Empresariag- Año XII, Nº 131 (ago. 2010)wREV70 c9335d9335